000
00300nam a2200121Ia 4500
008
190216s9999||||xx |||||||||||||| ||und||
100
_a
Zeldovich And Yaglom
245
0
_a
Higher Mathematics For Beginners
260
_b
Mir Pubs Moscow
_c
1987
300
_a
560p
650
_a
Mathematics
942
_c
BK
999
_c
31018
_d
31018